| 000 | 00789nam a2200265Ia 4500 | ||
|---|---|---|---|
| 003 | OSt | ||
| 005 | 20220925165643.0 | ||
| 006 | a|||||r|||| 00| 0 | ||
| 007 | ta | ||
| 008 | 220923b |||||||| |||| 00| 0 eng d | ||
| 020 | _a0444886672 | ||
| 037 | _cGeneral Book | ||
| 040 |
_aRTL _cRTL _beng |
||
| 041 |
_2eng _aeng |
||
| 082 | _aX9(J):75.2.N9, N1 | ||
| 100 |
_aNarayana N SS and others _9234314 |
||
| 245 | 0 | _aAgriculture growth and redistribution of income | |
| 260 |
_aAmsterdam _bNorth Holland _c1991 |
||
| 300 |
_axvi,301p _ccm. |
||
| 490 | _aContributions to Economic analysis 90 | ||
| 500 | _aBibliography:p286-93 | ||
| 650 |
_aPlanning _9234315 |
||
| 942 |
_hX9(J):75.2.N9, N1 _cGB _2CC |
||
| 999 |
_c477822 _d477822 |
||